MARC details
| 000 -LEADER |
| fixed length control field |
03661cam a2200301Mi 4500 |
| 001 - CONTROL NUMBER |
| control field |
1121429568 |
| 003 - CONTROL NUMBER IDENTIFIER |
| control field |
AUA.1 |
| 005 - DATE AND TIME OF LATEST TRANSACTION |
| control field |
20251120174513.0 |
| 008 - FIXED-LENGTH DATA ELEMENTS--GENERAL INFORMATION |
| fixed length control field |
190930s2019 sp 000 0 eng d |
| 020 ## - INTERNATIONAL STANDARD BOOK NUMBER |
| International Standard Book Number |
9788472087095 |
| 020 ## - INTERNATIONAL STANDARD BOOK NUMBER |
| International Standard Book Number |
8472087093 |
| 035 ## - SYSTEM CONTROL NUMBER |
| System control number |
(OCoLC)1121429568 |
| 040 ## - CATALOGING SOURCE |
| Original cataloging agency |
CN4X3 |
| Language of cataloging |
eng |
| Transcribing agency |
CN4X3 |
| Modifying agency |
OXG |
| -- |
OCLCO |
| -- |
CPU |
| -- |
EXN |
| -- |
JTL |
| 050 #4 - LIBRARY OF CONGRESS CALL NUMBER |
| Classification number |
BX6122.6.M53 |
| Item number |
A38 2019 |
| 245 00 - TITLE STATEMENT |
| Title |
Adventists and military service : |
| Remainder of title |
biblical, historical, and ethical perspectives / |
| Statement of responsibility, etc |
Frank M. Hasel, Barna Magyarosi, and Stefan Hoschele, editors. |
| 260 ## - PUBLICATION, DISTRIBUTION, ETC. (IMPRINT) |
| Place of publication, distribution, etc |
Madrid, Spain : |
| Name of publisher, distributor, etc |
Editorial Safeliz, S.L.; |
| Date of publication, distribution, etc |
2020. |
| 300 ## - PHYSICAL DESCRIPTION |
| Extent |
225 pages ; |
| Dimensions |
23 cm. |
| 500 ## - GENERAL NOTE |
| General note |
"The Seventh-day Adventist Church has a long and rich history of being a church that affirms peace, seeks reconciliation and has encouraged a noncombatant stance. In a time when wars and war-like conflicts are on the global rise, there is an urgent need to reflect more fully on the role of Christ's followers as conscientious agents of peace and as conscientious objectors to all forms of violence. By candidly looking at the biblical evidence in the Old and New Testament and by learning from church history and our own history, the authors of this book address various challenges of military service and try to recover the spirit of the early Christian church and of Jesus Christ on this issue"--Back cover |
| 504 ## - BIBLIOGRAPHY, ETC. NOTE |
| Bibliography, etc |
Includes bibliographical references (pages 205-225) |
| 505 00 - FORMATTED CONTENTS NOTE |
| Miscellaneous information |
Introduction -- |
| Title |
Violence and war in the Old Testament / |
| Statement of responsibility |
Barna Magyarosi -- |
| Title |
War and nonviolence in the New Testament / |
| Statement of responsibility |
Johannes Kovar -- |
| Title |
Ethnicity, the church, and violent conflicts / |
| Statement of responsibility |
Kwabena Donkor -- |
| Title |
Military service and just war: an historical overview / |
| Statement of responsibility |
Zoltán Szallós-Farkas -- |
| Title |
Pacifists, conscientious cooperators, or combatants? The Seventh-day Adventist loss of clarity on war and military service / |
| Statement of responsibility |
Douglas Morgan -- |
| Title |
Adventist opposition to war in Europe: cases of nonconformity and conscientious objection / |
| Statement of responsibility |
Daniel Heinz -- |
| Title |
Ethical challenges in military service / |
| Statement of responsibility |
Frank M. Hasel -- |
| Title |
Psychological effects of war and pastoral care / |
| Statement of responsibility |
Andreas Bochmann -- |
| Title |
Adventists and military service: conclusion / |
| Statement of responsibility |
Frank M. Hasel -- |
| Miscellaneous information |
Appendix I: |
| Title |
Official Seventh-day Adventist statements on noncombatancy, war, and peace / |
| Statement of responsibility |
Stefan Höschele and Kerstin Maiwald -- |
| Miscellaneous information |
Appendix II: |
| Title |
Bibliography of Seventh-day Adventist literature on peace, war, and military service / |
| Statement of responsibility |
Stefan Höschele and Kerstin Maiwald -- |
| Miscellaneous information |
Appendix III: |
| Title |
Selected bibliography and annotated literature list on books dealing with peace, war, military service, and nonviolence / |
| Statement of responsibility |
Frank M. Hasel. |
| 520 ## - SUMMARY, ETC. |
| Summary, etc |
"The Seventh-day Adventist Church has a long and rich history of being a church that affirms peace, seeks reconciliation and has encouraged a noncombatant stance. In a time when wars and war-like conflicts are on the global rise, there is an urgent need to reflect more fully on the role of Christ's followers as conscientious agents of peace and as conscientious objectors to all forms of violence. By candidly looking at the biblical evidence in the Old and New Testament and by learning from church history and our own history, the authors of this book address various challenges of military service and try to recover the spirit of the early Christian church and of Jesus Christ on this issue" -back cover. |
| 650 #0 - SUBJECT ADDED ENTRY--TOPICAL TERM |
| Topical term or geographic name as entry element |
Seventh-Day Adventists |
| General subdivision |
Military Service. |
| 700 ## - ADDED ENTRY--PERSONAL NAME |
| Personal name |
Hasel, Frank M. |
| Relator term |
editor |
| 700 ## - ADDED ENTRY--PERSONAL NAME |
| Personal name |
Magyarosi, Barna. |
| Relator term |
editor |
| 700 ## - ADDED ENTRY--PERSONAL NAME |
| Personal name |
Höschele, Stefan. |
| Relator term |
editor |
| 9 (RLIN) |
51655 |
| 830 #0 - SERIES ADDED ENTRY--UNIFORM TITLE |
| Uniform title |
Van Bemmelen Library Collection. |
| 942 ## - ADDED ENTRY ELEMENTS (KOHA) |
| Source of classification or shelving scheme |
Library of Congress Classification |
| Koha item type |
Books |
| Classification part |
BX 6122.6 .M53 |
| Item part |
A38 2019 |